000 02386nam0a2200361 4500
001 RU\NLR\bibl\1348098
005 20260406000355.0
010 _a978-5-02-025250-9
_91000
021 _aRU
_b2009-3154
_9170
035 _a(nilc)RSL-KNO-004238515
035 _a(NLR Aleph) 001333208
090 _a813622
_c813622
100 _a20090225d2008 |||y0rusy50 ca
101 0 _arus
_aeng
102 _aRU
105 _ay |||||||||
200 1 _aСборник упражнений по переводу гуманитарных текстов с английского языка на русский
_eпрактическое пособие
_fТ. Н. Мальчевская, Ю.П. Третьяков, Ю.Р. Арсеньева [и др.]
_gотв. ред. проф. Ю.П. Третьяков]
_gРос. акад. наук, Акад. физ.-технол. ун-т, Каф. иностр. яз.
210 _aСанкт-Петербург
_cНаука
_d2008
215 _a245, [1] с.
_d22
606 1 _aАнглийский язык
_jУчебные издания для высших учебных заведений
_xПеревод
_92119670
_3RU\NLR\auth\661280124
610 0 _aФилологические науки. Художественная литература -- Языкознание -- Индоевропейские языки -- Германские языки -- Западногерманские языки -- Английский язык -- Преподавание и методика изучения языка -- Учебники и учебные пособия по отдельным аспектам языка -- Учебники и пособия по стилистике -- Пособия по переводу
686 _aШ143.21-937.7
_2rubbk
686 _aШ143.21-93рус3-77
701 1 _aМальчевская
_bТ. Н.
_4070
701 1 _4070
_8rus
_7ca
_aТретьяков
_bЮ. П.
_cканд. филол. наук
_f1950-
_gЮрий Петрович
_3RU\NLR\auth\77109933
_992858
701 1 _aАрсеньева
_bЮ. Р.
_4070
702 1 _4340
_8rus
_7ca
_aТретьяков
_bЮ. П.
_cканд. филол. наук
_f1950-
_gЮрий Петрович
_3RU\NLR\auth\77109933
_992858
801 0 _aRU
_bРКП
_c20090225
_grcr
801 1 _aRU
_bРГБ
_c20090225
801 2 _aRU
_bNLR
_c20090330
_grcr
942 _cBOOK
980 _aNB